David Fenwick & Others v National Trust for Scotland and Others (Record no. 81883)

MARC details
000 -LEADER
fixed length control field 01029cad a22001935a 4500
001 - CONTROL NUMBER
control field E148555
008 - FIXED-LENGTH DATA ELEMENTS--GENERAL INFORMATION
fixed length control field 091001e20090819xxk v 000 0 eng d
035 ## - SYSTEM CONTROL NUMBER
System control number (Sirsi) u148555
041 0# - LANGUAGE CODE
Language code of text/sound track or separate title eng
245 00 - TITLE STATEMENT
Title David Fenwick & Others v National Trust for Scotland and Others
Remainder of title opinion
Medium [electronic resource]
260 ## - PUBLICATION, DISTRIBUTION, ETC.
Date of publication, distribution, etc. 2009
520 ## - SUMMARY, ETC.
Summary, etc. LTS/TC/2008/03 19 August 2009. Concerned an application under the Title Conditions (Scotland) Act 2003 S91 to discharge conditions set out in a deed. The property was a converted historic building, and some residents wanted to discharge the conditions, whilst other residents objected. "Held": application refused.
650 24 - SUBJECT ADDED ENTRY--TOPICAL TERM
Topical term or geographic name entry element FENWICK AND ORS V NATIONAL TRUST FOR SCOTLAND AND ORS
650 24 - SUBJECT ADDED ENTRY--TOPICAL TERM
Topical term or geographic name entry element TITLE CONDITIONS (SCOTLAND) ACT 2003
651 #4 - SUBJECT ADDED ENTRY--GEOGRAPHIC NAME
Geographic name Scotland
Chronological subdivision 1999-
690 ## - LOCAL SUBJECT ADDED ENTRY--TOPICAL TERM (OCLC, RLIN)
Topical term or geographic name as entry element Planning and development
9 (RLIN) 6259
856 40 - ELECTRONIC LOCATION AND ACCESS
Uniform Resource Identifier <a href="https://www.lands-tribunal-scotland.org.uk/decisions/LTS.TC.2008.03.html">https://www.lands-tribunal-scotland.org.uk/decisions/LTS.TC.2008.03.html</a>
Public note View the decision free of charge at www.lands-tribunal-scotland.org.uk...
942 ## - ADDED ENTRY ELEMENTS (KOHA)
Suppress in OPAC 0
Holdings
Withdrawn status Lost status Source of classification or shelving scheme Damaged status Not for loan Home library Current library Shelving location Date acquired Total Checkouts Full call number Barcode Date last seen Copy number Price effective from Koha item type
    Dewey Decimal Classification     Virtual Virtual Online 01/10/2009   ONLINE PUBLICATION 148555-2001 06/08/2019 1 06/08/2019 Law report